|
|
|
|
| LEADER |
01024nam a2200265 a 4500 |
| 001 |
000489410 |
| 003 |
CZ BrMZK |
| 005 |
20101104091811.0 |
| 007 |
ta |
| 008 |
000105s1983 gw f ger d |
| 040 |
|
|
|a BOA001
|b cze
|
| 080 |
|
|
|a 578:616.9
|2 MRF
|
| 080 |
|
|
|a 616.9:578
|2 MRF
|
| 100 |
1 |
|
|a Schubert, Winfrid
|4 dis
|
| 245 |
1 |
0 |
|a Neuraminidase-Isolierung von Influenza A-Viren und Neuraminidase-Antikörper-Bestimmung in einem enzymgebundenen Immunoassay (ELISA) /
|c Winfrid Schubert
|
| 260 |
|
|
|a Tübingen :
|b W. Schubert,
|c 1983
|
| 300 |
|
|
|a 99 s.
|
| 502 |
|
|
|a Disertace--Universität Tübingen, 1983
|
| 710 |
2 |
|
|a Universität Tübingen.
|b Medizinische Fakultät
|7 xx0109384
|
| 910 |
|
|
|a BOA001
|b 2-0870.430
|
| 964 |
|
|
|a Viry chřipkové - neuraminidáza - protilátky - studie radiologické
|
| 964 |
|
|
|a Neuraminidáza - viry chřipkové - protilátky - studie radiologické
|
| 990 |
|
|
|a BK
|
| 991 |
|
|
|b 201011
|
| 996 |
7 |
|
|b 2619693020
|c 2-0870.430
|l MZK
|r Sklad / do 1 hodiny
|n 0
|w 000489410
|u 000010
|a 1
|e BOA001
|j MZK50
|s A
|